00393nam a22001097a 4500003000400000082001700004100001800021245017000039260002500209300000700234650004200241SGT a617.84bC21D aDAGAR, SAVITA aComparative Study Of Aerobic Exercise Circuit Training Along With Health Education On Menopausal Symptoms Cardiopulmonary Fitness And Anxiety In Perimenopausal Women aSGT UNIVERSITYc2021 a91 aComparative Study Of Aerobic Exercise